000 00776nam a22002177a 4500
999 _c169162
_d169162
005 20191107123928.0
010 _aB-730876
020 _a9788181531087
_c50.00
035 _aB-730876
037 _adpl
_bRainbow Books
082 _aS
245 _aRainbow pre-school story book: sindbad the sailor /
_cedited & compiled by Aakanksha [and] Aryan
260 _aDelhi
_bRainbow Books
_c2013
270 _aF-32, Street No.12, Parwana Road, Jagat Puri,
_bDelhi
_e110051
300 _a16p.
_c29cm (pbk)
_bcol. ill.
490 _aPre-school story book
700 _aAakanksha
700 _aAryan
942 _2ddc
_cCH
_hS
_mRAI